Baby's First Album #3 - Statistics

General Stats
  • This quiz has been taken 3 times
  • The average score is 4 of 20
Answer Stats
Album Artist % Correct
The Chicago Transit Authority | 1969 Chicago
67%
From Genesis to Revelation | 1969 Genesis
67%
The Fame | 2008 Lady Gaga
67%
Surfin' Safari | 1962 The Beach Boys
67%
Dangerously in Love | 2003 Beyoncé
33%
Out of the Blue | 1987 Debbie Gibson
33%
Kylie | 1988 Kylie Minogue
33%
Whatever People Say I Am, That's What I'm Not | 2006 Arctic Monkeys
0%
After School Session | 1957 Chuck Berry
0%
Machine Gun | 1974 Commodores
0%
Whole Oats | 1972 Daryl Hall and John Oates
0%
Reasonable Doubt | 1996 Jay-Z
0%
No Parlez | 1983 Paul Young
0%
Ten | 1991 Pearl Jam
0%
Music of the Sun | 2005 Rhianna
0%
Lonely and Blue | 1961 Roy Orbison
0%
Diamond Life | 1984 Sade
0%
Journeys to Glory | 1981 Spandau Ballet
0%
Outlandos d'Amor | 1978 The Police
0%
Along Came Jones | 1965 Tom Jones
0%
No matching quizzes found
Score Distribution
Percent of People with Each Score
Percentile by Number Answered
Your Score History
You have not taken this quiz